| 000 | 00685nam a22001577a 4500 | ||
|---|---|---|---|
| 003 | OSt | ||
| 005 | 20151006145154.0 | ||
| 008 | 151006b xxu||||| |||| 00| 0 eng d | ||
| 040 | _cRUA | ||
| 082 | _aAVM BUN 1997 B070 Or.1 | ||
| 100 |
_92178 _aBUN, SAN. |
||
| 245 | _aTechnical aspects of transportion and management of animals prepared for slaughter house in phnom phen, ការរៀបចំដឹកជញ្ជូន និង បច្ចេកទេសគ្រប់គ្េងសត្វសំរាប់ទីសត្វឃាដ នៅរាជធានីភ្នំពេញ. | ||
| 260 |
_aphnom phen _bRUA _c1997 |
||
| 300 |
_a53p. _bill. _c29cm. |
||
| 942 |
_2ddc _cAVM |
||
| 999 |
_c2049 _d2049 |
||